000 00550nam a2200205Ia 4500
005 20250923144645.0
008 008 250917s9999 xx 000 0 eng d
037 _aTextual
040 _aDSWL
_beng
_cDSWL
041 _aeng
_2eng
084 _aY111, J9
_qDSWL
100 _aPaul, Ritter Jean
_9827082
245 0 _aFree Family
_cby RitterJean Paul
260 _aLondon
_b Victor Goldeancz Ltd.
_c1959
300 _a267p.
365 _aINR
_b18
925 _g18
942 _cTEXL
_hY111, J9
999 _c1441707
_d1441707